Cricketer Initials - Statistics

General Stats
  • This quiz has been taken 43 times
  • The average score is 5 of 10
Answer Stats
Hint Answer % Correct
India VK Virat Kohli
97%
England BS Ben Stokes
82%
Australia DW David Warner
71%
New Zealand TB Trent Boult
71%
India MSD Mahendra Singh Dhoni
65%
Pakistan HR Haris Rauf
35%
Sri Lanka KP Kusal Perera
32%
West Indies NP Nicholas Pooran
32%
South africa HK Heinrich Klaasen
26%
Bangladesh TH Towhid Hridoy
0%
No matching quizzes found
Score Distribution
Percent of People with Each Score
Percentile by Number Answered
Your Score History
You have not taken this quiz